[Event "Turniej Przyjazni Polsko-Wegierskiej"]
[Site "Katowice"]
[Date "2018.05.05"]
[Round "8.3"]
[White "Klekowski, Maciej"]
[Black "Pakleza, Zbigniew"]
[Result "1-0"]
[BlackElo "2549"]
[WhiteElo "2536"]
[LiveChessVersion "1.4.8"]

1. c4 {[%clk 0:15:17]} c6 {[%clk 0:15:17]} 2. d4 {[%clk 0:15:16]} d5
{[%clk 0:15:26]} 3. Nc3 {[%clk 0:15:25]} Nf6 {[%clk 0:15:34]} 4. Nf3
{[%clk 0:15:31]} Qb6 {[%clk 0:15:43]} 5. e3 {[%clk 0:15:08]} Bf5 {[%clk 0:15:50]}
6. Bd3 {[%clk 0:14:05]} Bxd3 {[%clk 0:15:35]} 7. Qxd3 {[%clk 0:14:14]} Nbd7
{[%clk 0:15:33]} 8. O-O {[%clk 0:14:18]} Qa6 {[%clk 0:15:42]} 9. b3
{[%clk 0:14:19]} Nb6 {[%clk 0:15:45]} 10. Nd2 {[%clk 0:14:25]} e6
{[%clk 0:15:52]} 11. Bb2 {[%clk 0:13:16]} Be7 {[%clk 0:15:42]} 12. a4
{[%clk 0:11:28]} O-O {[%clk 0:13:56]} 13. e4 {[%clk 0:11:01]} Rfd8
{[%clk 0:11:42]} 14. e5 {[%clk 0:07:24]} dxc4 {[%clk 0:09:54]} 15. bxc4
{[%clk 0:07:23]} Nfd7 {[%clk 0:10:03]} 16. Qe2 {[%clk 0:07:22]} Bb4
{[%clk 0:08:44]} 17. a5 {[%clk 0:07:20]} Nc8 {[%clk 0:08:29]} 18. Nb5
{[%clk 0:06:44]} Bxa5 {[%clk 0:07:54]} 19. Nc7 {[%clk 0:06:18]} Bxc7
{[%clk 0:08:02]} 20. Rxa6 {[%clk 0:06:27]} bxa6 {[%clk 0:08:12]} 21. c5
{[%clk 0:06:05]} Ne7 {[%clk 0:07:45]} 22. Ne4 {[%clk 0:05:33]} Rab8
{[%clk 0:07:24]} 23. Bc1 {[%clk 0:05:35]} Rb4 {[%clk 0:06:51]} 24. Bg5
{[%clk 0:05:24]} Re8 {[%clk 0:06:25]} 25. Bxe7 {[%clk 0:05:31]} Rxe7
{[%clk 0:06:33]} 26. Qxa6 {[%clk 0:05:40]} Rxd4 {[%clk 0:06:24]} 27. Nd6
{[%clk 0:05:29]} g6 {[%clk 0:05:22]} 28. Qc8+ {[%clk 0:03:59]} Nf8
{[%clk 0:05:28]} 29. f4 {[%clk 0:03:36]} Rd5 {[%clk 0:04:08]} 30. Ne4
{[%clk 0:02:35]} Kg7 {[%clk 0:03:48]} 31. Nf6 {[%clk 0:02:40]} Rxc5
{[%clk 0:02:56]} 32. Ne8+ {[%clk 0:02:38]} Rxe8 {[%clk 0:03:05]} 33. Qxe8
{[%clk 0:02:47]} Bb6 {[%clk 0:02:51]} 34. Kh1 {[%clk 0:02:50]} Rc4
{[%clk 0:02:35]} 35. g4 {[%clk 0:02:40]} Rd4 {[%clk 0:01:07]} 36. f5
{[%clk 0:02:47]} Rd8 {[%clk 0:00:59]} 37. Qxc6 {[%clk 0:02:56]} Bd4
{[%clk 0:00:34]} 38. Qe4 {[%clk 0:02:13]} Bb6 {[%clk 0:00:20]} 39. f6+
{[%clk 0:01:54]} Kh8 {[%clk 0:00:22]} 40. Qf4 {[%clk 0:02:03]} g5
{[%clk 0:00:26]} 41. Qxg5 {[%clk 0:02:08]} Ng6 {[%clk 0:00:35]} 42. Qh6
{[%clk 0:02:17]} Rg8 {[%clk 0:00:44]} 43. Rc1 {[%clk 0:02:16]} 1-0

[Event "Turniej Przyjazni Polsko-Wegierskiej"]
[Site "Katowice"]
[Date "2018.05.05"]
[Round "8.4"]
[White "Razin, Vadim"]
[Black "Socko, Bartosz"]
[Result "0-1"]
[BlackElo "2630"]
[WhiteElo "2373"]
[LiveChessVersion "1.4.8"]

1. d4 {[%clk 0:15:18]} Nf6 {[%clk 0:15:10]} 2. Nf3 {[%clk 0:15:24]} e6
{[%clk 0:15:19]} 3. c4 {[%clk 0:15:28]} b6 {[%clk 0:15:27]} 4. a3
{[%clk 0:15:33]} Bb7 {[%clk 0:15:36]} 5. Nc3 {[%clk 0:15:42]} d5 {[%clk 0:15:44]}
6. cxd5 {[%clk 0:15:51]} Nxd5 {[%clk 0:15:52]} 7. Qc2 {[%clk 0:15:55]} Nxc3
{[%clk 0:15:55]} 8. Qxc3 {[%clk 0:15:56]} Be7 {[%clk 0:15:51]} 9. Bf4
{[%clk 0:15:49]} Bd6 {[%clk 0:15:35]} 10. Bg3 {[%clk 0:14:39]} O-O
{[%clk 0:15:40]} 11. e3 {[%clk 0:13:52]} Nd7 {[%clk 0:15:36]} 12. Bd3
{[%clk 0:12:30]} Rc8 {[%clk 0:15:20]} 13. Qc2 g6 14. Be4 {[%clk 0:10:59]} Bxe4
{[%clk 0:14:47]} 15. Qxe4 {[%clk 0:11:08]} Bxg3 {[%clk 0:13:28]} 16. hxg3
{[%clk 0:11:09]} c5 {[%clk 0:13:37]} 17. g4 {[%clk 0:06:41]} cxd4
{[%clk 0:13:24]} 18. exd4 {[%clk 0:06:48]} Qe7 {[%clk 0:11:00]} 19. Rd1
{[%clk 0:05:14]} Nf6 {[%clk 0:10:14]} 20. Qf4 {[%clk 0:05:12]} Nd5
{[%clk 0:10:22]} 21. Qh6 {[%clk 0:04:48]} f6 {[%clk 0:10:30]} 22. g5
{[%clk 0:03:14]} Rc2 {[%clk 0:10:21]} 23. gxf6 {[%clk 0:02:53]} Nxf6
{[%clk 0:10:29]} 24. Ne5 {[%clk 0:01:30]} Qb7 {[%clk 0:08:12]} 25. O-O
{[%clk 0:00:50]} Rxb2 {[%clk 0:08:03]} 26. Rc1 {[%clk 0:00:52]} Nh5
{[%clk 0:05:56]} 27. Rc6 {[%clk 0:00:21]} Re2 {[%clk 0:05:31]} 28. Qc1
{[%clk 0:00:15]} Nf4 {[%clk 0:05:28]} 29. Qc4 {[%clk 0:00:17]} Rd2
{[%clk 0:04:50]} 30. Re1 {[%clk 0:00:16]} b5 {[%clk 0:04:01]} 31. Qc5
{[%clk 0:00:12]} Ne2+ {[%clk 0:04:04]} 32. Rxe2 {[%clk 0:00:18]} Rxe2
{[%clk 0:04:12]} 33. Qd6 {[%clk 0:00:17]} Rfxf2 {[%clk 0:03:20]} 34. Qxe6+
{[%clk 0:00:23]} Kg7 {[%clk 0:03:28]} 35. Qd6 {[%clk 0:00:14]} Rxg2+
{[%clk 0:03:25]} 36. Kf1 {[%clk 0:00:16]} Rgf2+ {[%clk 0:02:59]} 37. Kg1
{[%clk 0:00:25]} Rc2 {[%clk 0:02:34]} 38. d5 {[%clk 0:00:14]} a5 {[%clk 0:01:45]}
39. Qe6 {[%clk 0:00:12]} Qa7 {[%clk 0:00:52]} 40. Rb6 {[%clk 0:00:14]} Rf5
{[%clk 0:00:45]} 41. Ng4 {[%clk 0:00:14]} Qf7 {[%clk 0:00:26]} 42. Qe1
{[%clk 0:00:16]} Qc7 {[%clk 0:00:21]} 43. Qe3 {[%clk 0:00:14]} Qc5
{[%clk 0:00:15]} 44. Rb7+ {[%clk 0:00:22]} Rf7 {[%clk 0:00:23]} 45. Rxf7+
{[%clk 0:00:21]} Kxf7 {[%clk 0:00:32]} 46. Ne5+ {[%clk 0:00:30]} Kg7
{[%clk 0:00:30]} 0-1

[Event "Turniej Przyjazni Polsko-Wegierskiej"]
[Site "Katowice"]
[Date "2018.05.05"]
[Round "8.5"]
[White "Lewicki, Miroslaw"]
[Black "Kempinski, Robert"]
[Result "1-0"]
[BlackElo "2583"]
[WhiteElo "2294"]
[LiveChessVersion "1.4.8"]

1. e4 {[%clk 0:15:18]} c5 {[%clk 0:15:18]} 2. Nf3 {[%clk 0:15:27]} d6
{[%clk 0:15:25]} 3. d4 {[%clk 0:15:35]} cxd4 {[%clk 0:15:33]} 4. Nxd4
{[%clk 0:15:44]} Nf6 {[%clk 0:15:40]} 5. Nc3 {[%clk 0:15:52]} e6 {[%clk 0:15:43]}
6. Be2 {[%clk 0:15:57]} Be7 {[%clk 0:15:45]} 7. O-O {[%clk 0:16:04]} O-O
{[%clk 0:15:51]} 8. Be3 {[%clk 0:15:57]} Nc6 {[%clk 0:15:59]} 9. f4
{[%clk 0:15:31]} Qc7 {[%clk 0:16:06]} 10. Bf3 {[%clk 0:15:21]} a6
{[%clk 0:15:45]} 11. a4 {[%clk 0:15:04]} Na5 {[%clk 0:15:48]} 12. Bf2
{[%clk 0:12:55]} e5 {[%clk 0:15:00]} 13. Nde2 Bd7 14. f5 {[%clk 0:11:19]} b5
{[%clk 0:13:48]} 15. b4 {[%clk 0:10:25]} Nc4 {[%clk 0:13:30]} 16. a5
{[%clk 0:10:01]} Rac8 {[%clk 0:12:11]} 17. Rb1 {[%clk 0:09:34]} d5
{[%clk 0:11:58]} 18. exd5 {[%clk 0:08:54]} Bxf5 {[%clk 0:11:57]} 19. Ng3
{[%clk 0:08:36]} Bg6 {[%clk 0:10:06]} 20. Rb3 {[%clk 0:08:26]} Bd6
{[%clk 0:08:30]} 21. Re1 {[%clk 0:08:10]} Qe7 {[%clk 0:08:21]} 22. Na2
{[%clk 0:04:48]} Nd2 {[%clk 0:04:33]} 23. Rb2 {[%clk 0:02:54]} Nxf3+
{[%clk 0:04:41]} 24. gxf3 {[%clk 0:02:40]} Qb7 {[%clk 0:04:28]} 25. Ne4
{[%clk 0:02:41]} Nxe4 {[%clk 0:04:20]} 26. fxe4 {[%clk 0:02:50]} Rc4
{[%clk 0:04:25]} 27. Qd3 {[%clk 0:01:58]} f5 {[%clk 0:04:29]} 28. c3
{[%clk 0:01:19]} fxe4 {[%clk 0:04:36]} 29. Qd1 {[%clk 0:01:20]} Rf3
{[%clk 0:04:26]} 30. Re3 {[%clk 0:00:38]} Bh5 {[%clk 0:04:18]} 31. Qd2
{[%clk 0:00:30]} Qf7 {[%clk 0:03:57]} 32. Rb1 {[%clk 0:00:19]} Rc8
{[%clk 0:03:37]} 33. Rbe1 {[%clk 0:00:14]} Rf8 {[%clk 0:03:40]} 34. Rxf3
{[%clk 0:00:23]} Bxf3 {[%clk 0:03:34]} 35. Bg3 {[%clk 0:00:11]} Qf5
{[%clk 0:03:33]} 36. Nc1 {[%clk 0:00:15]} h5 {[%clk 0:03:28]} 37. h4
{[%clk 0:00:14]} Qh3 {[%clk 0:03:22]} 38. Qh2 {[%clk 0:00:23]} Qg4
{[%clk 0:03:30]} 39. Nb3 {[%clk 0:00:13]} e3 {[%clk 0:03:21]} 40. Rxe3
{[%clk 0:00:11]} Bxd5 {[%clk 0:03:28]} 41. Nd2 {[%clk 0:00:14]} e4
{[%clk 0:03:08]} 42. Qg2 {[%clk 0:00:23]} Be7 {[%clk 0:02:08]} 43. Nxe4
{[%clk 0:00:11]} Kh8 {[%clk 0:01:45]} 44. Qe2 {[%clk 0:00:13]} Qg6
{[%clk 0:01:28]} 45. Kh2 {[%clk 0:00:13]} Bc4 {[%clk 0:01:20]} 46. Qd2
{[%clk 0:00:14]} Qg4 {[%clk 0:01:06]} 47. Nf2 {[%clk 0:00:16]} Rxf2+
{[%clk 0:00:51]} 48. Qxf2 {[%clk 0:00:22]} Bf6 {[%clk 0:00:55]} 49. Re8+
{[%clk 0:00:22]} Kh7 {[%clk 0:01:00]} 50. Qc2+ {[%clk 0:00:19]} g6
{[%clk 0:01:09]} 51. Qf2 {[%clk 0:00:20]} Bg7 {[%clk 0:00:31]} 52. Re7
{[%clk 0:00:28]} Be6 {[%clk 0:00:31]} 53. Qe3 {[%clk 0:00:12]} Qh3+
{[%clk 0:00:16]} 54. Kg1 {[%clk 0:00:22]} Bd5 {[%clk 0:00:25]} 55. Rxg7+
{[%clk 0:00:28]} Kh8 {[%clk 0:00:23]} 56. Qh6# 1-0

[Event "Turniej Przyjazni Polsko-Wegierskiej"]
[Site "Katowice"]
[Date "2018.05.05"]
[Round "8.6"]
[White "Omelja, Artem"]
[Black "Acs, Gabor"]
[Result "1-0"]
[BlackElo "2012"]
[WhiteElo "2483"]
[LiveChessVersion "1.4.8"]

1. d4 {[%clk 0:15:18]} d5 {[%clk 0:15:19]} 2. c4 {[%clk 0:15:27]} e6
{[%clk 0:15:27]} 3. Nf3 {[%clk 0:15:35]} c6 {[%clk 0:15:35]} 4. e3
{[%clk 0:15:43]} Nf6 {[%clk 0:15:44]} 5. b3 {[%clk 0:15:51]} Nbd7
{[%clk 0:15:52]} 6. Bb2 {[%clk 0:15:57]} Bb4+ {[%clk 0:16:00]} 7. Nbd2
{[%clk 0:16:02]} b6 {[%clk 0:15:31]} 8. Bd3 {[%clk 0:16:08]} O-O {[%clk 0:15:12]}
9. O-O {[%clk 0:16:14]} Bb7 {[%clk 0:15:09]} 10. e4 {[%clk 0:15:05]} dxe4
{[%clk 0:15:16]} 11. Nxe4 {[%clk 0:15:11]} Be7 {[%clk 0:15:03]} 12. Qe2
{[%clk 0:14:10]} c5 {[%clk 0:14:34]} 13. Neg5 {[%clk 0:12:23]} Bxf3
{[%clk 0:13:34]} 14. Nxf3 {[%clk 0:12:26]} cxd4 {[%clk 0:13:34]} 15. Nxd4
{[%clk 0:12:28]} Nc5 {[%clk 0:13:26]} 16. Bc2 {[%clk 0:12:32]} Qc7
{[%clk 0:13:25]} 17. b4 {[%clk 0:11:39]} Ncd7 {[%clk 0:13:23]} 18. a3
{[%clk 0:11:37]} Rac8 {[%clk 0:13:19]} 19. Bb3 {[%clk 0:11:28]} Qe5
{[%clk 0:12:49]} 20. Qxe5 {[%clk 0:09:57]} Nxe5 {[%clk 0:12:58]} 21. Nxe6
{[%clk 0:09:41]} fxe6 {[%clk 0:10:53]} 22. Bxe5 {[%clk 0:09:48]} a5
{[%clk 0:10:05]} 23. c5 {[%clk 0:09:39]} Nd5 {[%clk 0:10:04]} 24. cxb6
{[%clk 0:09:43]} axb4 {[%clk 0:09:51]} 25. a4 {[%clk 0:09:33]} Rc6
{[%clk 0:09:48]} 26. a5 {[%clk 0:09:36]} 1-0

[Event "Turniej Przyjazni Polsko-Wegierskiej"]
[Site "Katowice"]
[Date "2018.05.05"]
[Round "8.7"]
[White "Janik, Igor"]
[Black "Orzech, Dominik"]
[Result "1-0"]
[BlackElo "2417"]
[WhiteElo "2356"]
[LiveChessVersion "1.4.8"]

1. e4 {[%clk 0:15:19]} c6 {[%clk 0:15:11]} 2. d4 {[%clk 0:15:27]} d5
{[%clk 0:15:20]} 3. e5 {[%clk 0:15:37]} Bf5 {[%clk 0:15:23]} 4. Nd2
{[%clk 0:15:45]} e6 {[%clk 0:15:21]} 5. Nb3 {[%clk 0:15:54]} Nd7 {[%clk 0:15:00]}
6. Nf3 {[%clk 0:16:02]} Ne7 {[%clk 0:14:54]} 7. Be2 {[%clk 0:16:11]} h6
{[%clk 0:13:42]} 8. O-O {[%clk 0:16:19]} Qc7 {[%clk 0:13:51]} 9. Bd2
{[%clk 0:16:10]} g5 {[%clk 0:11:42]} 10. Rc1 {[%clk 0:16:19]} Bg7
{[%clk 0:11:24]} 11. c4 {[%clk 0:16:08]} O-O {[%clk 0:11:26]} 12. Bb4
{[%clk 0:16:15]} Rfe8 {[%clk 0:11:24]} 13. Bd6 {[%clk 0:15:33]} Qd8 14. c5
{[%clk 0:15:32]} Ng6 {[%clk 0:11:23]} 15. Bd3 g4 {[%clk 0:11:13]} 16. Ne1
{[%clk 0:15:30]} h5 {[%clk 0:09:44]} 17. Bxf5 {[%clk 0:15:16]} exf5
{[%clk 0:09:53]} 18. f4 {[%clk 0:15:25]} gxf3 {[%clk 0:06:59]} 19. Qxf3
{[%clk 0:15:08]} f4 {[%clk 0:07:00]} 20. Qxh5 {[%clk 0:14:58]} Ndf8
{[%clk 0:07:09]} 21. Bxf8 {[%clk 0:14:50]} Nxf8 {[%clk 0:04:09]} 22. Rxf4
{[%clk 0:14:45]} f6 {[%clk 0:03:59]} 23. Nf3 {[%clk 0:14:36]} Qe7
{[%clk 0:03:57]} 24. Re1 {[%clk 0:14:33]} fxe5 {[%clk 0:03:49]} 25. dxe5
{[%clk 0:13:50]} Ne6 {[%clk 0:03:57]} 26. Rh4 {[%clk 0:13:54]} Qf7
{[%clk 0:03:10]} 27. Qh7+ {[%clk 0:13:13]} Kf8 {[%clk 0:03:20]} 28. Rf1
{[%clk 0:13:23]} Ke7 {[%clk 0:02:30]} 29. Nfd4 {[%clk 0:13:00]} Qg8
{[%clk 0:02:03]} 30. Nf5+ {[%clk 0:12:51]} Kd7 {[%clk 0:02:11]} 31. Nxg7
{[%clk 0:12:52]} Nxg7 {[%clk 0:01:52]} 32. Qxg8 {[%clk 0:12:58]} Rxg8
{[%clk 0:02:00]} 33. Rf7+ {[%clk 0:13:07]} Ke6 {[%clk 0:01:55]} 34. Rxb7
{[%clk 0:13:13]} Kxe5 {[%clk 0:02:03]} 35. Re7+ {[%clk 0:13:16]} Kf6
{[%clk 0:01:48]} 36. Re1 {[%clk 0:13:20]} Nf5 {[%clk 0:01:10]} 37. Rf4
{[%clk 0:13:27]} Kg5 {[%clk 0:01:18]} 38. g3 {[%clk 0:13:14]} Rae8
{[%clk 0:01:21]} 39. Rxe8 {[%clk 0:11:38]} Rxe8 {[%clk 0:01:29]} 40. Kf2
{[%clk 0:11:46]} Ne3 {[%clk 0:01:18]} 41. h4+ {[%clk 0:11:51]} Kg6
{[%clk 0:01:21]} 42. Rd4 {[%clk 0:11:44]} Nc4 {[%clk 0:01:26]} 43. Rg4+
{[%clk 0:11:50]} Kf5 {[%clk 0:01:30]} 44. Rf4+ {[%clk 0:11:56]} Kg6
{[%clk 0:01:24]} 45. Nd4 {[%clk 0:11:58]} Nxb2 {[%clk 0:01:32]} 46. Rg4+
{[%clk 0:12:07]} Kf6 {[%clk 0:01:40]} 47. Rf4+ {[%clk 0:11:58]} Kg6
{[%clk 0:01:47]} 48. Rf3 {[%clk 0:11:52]} Na4 {[%clk 0:01:22]} 49. Nxc6
{[%clk 0:11:43]} Nxc5 {[%clk 0:01:31]} 50. Nxa7 {[%clk 0:11:48]} Ra8
{[%clk 0:01:32]} 51. Ra3 {[%clk 0:11:54]} Ne4+ {[%clk 0:01:21]} 52. Kf3
{[%clk 0:10:26]} Rf8+ {[%clk 0:01:24]} 53. Kg2 {[%clk 0:10:25]} Rf2+
{[%clk 0:00:52]} 54. Kh3 {[%clk 0:10:12]} d4 {[%clk 0:00:15]} 55. Nc6
{[%clk 0:10:09]} d3 {[%clk 0:00:16]} 56. Rxd3 {[%clk 0:08:06]} Rxa2
{[%clk 0:00:25]} 57. Rd4 {[%clk 0:07:02]} Nf2+ {[%clk 0:00:00]} 1-0

[Event "Turniej Przyjazni Polsko-Wegierskiej"]
[Site "Katowice"]
[Date "2018.05.05"]
[Round "8.8"]
[White "Chylewski, Patryk"]
[Black "Kazakov, Mikhail"]
[Result "0-1"]
[BlackElo "2382"]
[WhiteElo "2128"]
[LiveChessVersion "1.4.8"]

1. d4 {[%clk 0:15:07]} Nf6 {[%clk 0:15:13]} 2. c4 {[%clk 0:15:15]} g6
{[%clk 0:15:22]} 3. Nc3 {[%clk 0:15:23]} d5 {[%clk 0:15:31]} 4. Bf4
{[%clk 0:15:31]} Bg7 {[%clk 0:15:36]} 5. Rc1 {[%clk 0:15:40]} O-O
{[%clk 0:15:34]} 6. e3 {[%clk 0:15:47]} c5 {[%clk 0:15:35]} 7. dxc5
{[%clk 0:15:55]} Be6 {[%clk 0:15:08]} 8. Nf3 {[%clk 0:14:36]} Nc6
{[%clk 0:14:58]} 9. Nd4 {[%clk 0:13:40]} Nxd4 {[%clk 0:14:22]} 10. exd4
{[%clk 0:13:45]} dxc4 {[%clk 0:14:00]} 11. Be5 Bh6 {[%clk 0:12:28]} 12. Rb1
{[%clk 0:08:19]} Qa5 {[%clk 0:06:56]} 13. Be2 {[%clk 0:06:00]} Ne4
{[%clk 0:05:16]} 14. O-O {[%clk 0:03:35]} Nd2 {[%clk 0:05:06]} 15. Bf3
{[%clk 0:03:40]} Bf5 {[%clk 0:03:31]} 16. Ra1 {[%clk 0:03:09]} Nxf1
{[%clk 0:03:12]} 17. Qxf1 {[%clk 0:03:17]} Bd3 {[%clk 0:02:51]} 18. Qe1
{[%clk 0:02:56]} Rad8 {[%clk 0:01:02]} 19. Bxb7 {[%clk 0:02:17]} f6
{[%clk 0:00:56]} 20. Bg3 {[%clk 0:01:41]} Qb4 {[%clk 0:00:53]} 21. c6
{[%clk 0:00:49]} Qxb2 {[%clk 0:00:43]} 22. Na4 {[%clk 0:00:51]} Qb5
{[%clk 0:00:35]} 23. Nc5 {[%clk 0:00:19]} e5 {[%clk 0:00:19]} 24. c7
{[%clk 0:00:17]} Rxd4 {[%clk 0:00:20]} 25. c8=Q {[%clk 0:00:13]} Rxc8
{[%clk 0:00:28]} 26. Bxc8 {[%clk 0:00:22]} Qxc5 {[%clk 0:00:35]} 27. Be6+
{[%clk 0:00:26]} Kg7 {[%clk 0:00:44]} 28. Rd1 {[%clk 0:00:29]} c3
{[%clk 0:00:37]} 29. Bb3 {[%clk 0:00:20]} c2 {[%clk 0:00:30]} 0-1

[Event "Turniej Przyjazni Polsko-Wegierskiej"]
[Site "Katowice"]
[Date "2018.05.05"]
[Round "8.9"]
[White "Mista, Aleksander"]
[Black "Kaczmarek, Aleksander"]
[Result "1-0"]
[BlackElo "2148"]
[WhiteElo "2548"]
[LiveChessVersion "1.4.8"]

1. e4 {[%clk 0:15:17]} c6 {[%clk 0:15:00]} 2. d4 {[%clk 0:15:25]} d5
{[%clk 0:15:09]} 3. Nc3 {[%clk 0:15:34]} dxe4 {[%clk 0:15:18]} 4. Nxe4
{[%clk 0:15:43]} Nd7 {[%clk 0:15:27]} 5. Ng5 {[%clk 0:15:52]} Ngf6
{[%clk 0:15:34]} 6. Bd3 {[%clk 0:15:59]} e6 {[%clk 0:15:40]} 7. N1f3
{[%clk 0:16:07]} Bd6 {[%clk 0:15:42]} 8. Qe2 {[%clk 0:16:15]} h6 {[%clk 0:15:49]}
9. Ne4 {[%clk 0:16:24]} Nxe4 {[%clk 0:15:57]} 10. Qxe4 {[%clk 0:16:32]} Nf6
{[%clk 0:16:05]} 11. Qe2 {[%clk 0:16:40]} b6 {[%clk 0:16:08]} 12. Bd2
{[%clk 0:16:42]} Qc7 {[%clk 0:16:15]} 13. Ne5 {[%clk 0:16:43]} Bb7
{[%clk 0:16:19]} 14. f4 {[%clk 0:16:51]} O-O-O {[%clk 0:15:45]} 15. O-O
{[%clk 0:16:58]} c5 {[%clk 0:15:17]} 16. a4 {[%clk 0:17:07]} a5 {[%clk 0:15:16]}
17. c3 {[%clk 0:17:15]} Nd5 {[%clk 0:12:51]} 18. b4 f6 19. bxc5 {[%clk 0:17:06]}
bxc5 {[%clk 0:11:12]} 20. Nc4 {[%clk 0:17:13]} Bxf4 {[%clk 0:11:08]} 21. Qxe6+
{[%clk 0:15:00]} Kb8 {[%clk 0:11:12]} 22. Bxf4 {[%clk 0:12:58]} Nxf4
{[%clk 0:11:18]} 23. Rxf4 {[%clk 0:13:04]} Qxf4 {[%clk 0:11:18]} 24. Rb1
{[%clk 0:13:13]} Rhe8 {[%clk 0:06:52]} 25. Rxb7+ {[%clk 0:13:18]} Kxb7
{[%clk 0:07:00]} 26. Nxa5+ {[%clk 0:13:27]} Ka7 {[%clk 0:06:41]} 27. Qa6+
{[%clk 0:13:33]} 1-0

[Event "Turniej Przyjazni Polsko-Wegierskiej"]
[Site "Katowice"]
[Date "2018.05.05"]
[Round "8.10"]
[White "Krasenkow, Michal"]
[Black "Rawicz, Karol"]
[Result "1-0"]
[BlackElo "2134"]
[WhiteElo "2546"]
[LiveChessVersion "1.4.8"]

1. c4 {[%clk 0:15:19]} c5 {[%clk 0:14:41]} 2. Nf3 {[%clk 0:15:28]} Nc6
{[%clk 0:14:47]} 3. d4 {[%clk 0:15:37]} cxd4 {[%clk 0:14:56]} 4. Nxd4
{[%clk 0:15:46]} g6 {[%clk 0:15:05]} 5. e4 {[%clk 0:15:55]} Bg7 {[%clk 0:15:14]}
6. Be3 {[%clk 0:16:05]} Nf6 {[%clk 0:15:02]} 7. Nc3 {[%clk 0:16:13]} O-O
{[%clk 0:15:10]} 8. Be2 {[%clk 0:16:12]} b6 {[%clk 0:15:19]} 9. O-O
{[%clk 0:16:11]} Bb7 {[%clk 0:15:22]} 10. f3 {[%clk 0:16:19]} Nh5
{[%clk 0:15:30]} 11. Rf2 {[%clk 0:16:07]} Nf4 {[%clk 0:12:31]} 12. Bf1
{[%clk 0:16:14]} Nxd4 {[%clk 0:12:33]} 13. Bxd4 {[%clk 0:16:21]} d6
{[%clk 0:12:00]} 14. Bxg7 {[%clk 0:16:04]} Kxg7 {[%clk 0:12:08]} 15. Qd2 e5
{[%clk 0:08:46]} 16. Rd1 {[%clk 0:15:47]} Qg5 {[%clk 0:08:53]} 17. g3
{[%clk 0:15:44]} Rfd8 {[%clk 0:09:00]} 18. Bg2 {[%clk 0:15:17]} Ne6
{[%clk 0:08:05]} 19. Qxg5 {[%clk 0:15:25]} Nxg5 {[%clk 0:08:14]} 20. Rfd2
{[%clk 0:14:49]} Ne6 {[%clk 0:02:51]} 21. Rxd6 {[%clk 0:14:57]} Rxd6
{[%clk 0:03:00]} 22. Rxd6 {[%clk 0:15:07]} Nd4 {[%clk 0:03:08]} 23. Kf2
{[%clk 0:14:15]} Kf8 {[%clk 0:00:49]} 24. f4 {[%clk 0:14:13]} Re8
{[%clk 0:00:29]} 25. Nd5 {[%clk 0:13:29]} Bxd5 {[%clk 0:00:25]} 26. Rxd5
{[%clk 0:12:59]} f6 {[%clk 0:00:33]} 27. Bh3 {[%clk 0:12:44]} Kf7
{[%clk 0:00:26]} 28. Rd6 {[%clk 0:12:30]} Re7 {[%clk 0:00:31]} 29. Bd7
{[%clk 0:11:01]} Kf8 {[%clk 0:00:24]} 1-0

[Event "Turniej Przyjazni Polsko-Wegierskiej"]
[Site "Katowice"]
[Date "2018.05.05"]
[Round "8.11"]
[White "Piesik, Piotr"]
[Black "Walter, Szymon"]
[Result "1-0"]
[BlackElo "2132"]
[WhiteElo "2341"]
[LiveChessVersion "1.4.8"]

1. Nf3 {[%clk 0:15:17]} Nf6 {[%clk 0:15:15]} 2. g3 {[%clk 0:15:26]} e6
{[%clk 0:14:57]} 3. Bg2 {[%clk 0:15:35]} d5 {[%clk 0:15:06]} 4. O-O
{[%clk 0:15:43]} b5 {[%clk 0:15:13]} 5. d3 {[%clk 0:15:51]} Bb7 {[%clk 0:15:16]}
6. Nbd2 {[%clk 0:15:58]} Be7 {[%clk 0:15:20]} 7. e4 {[%clk 0:16:06]} c5
{[%clk 0:14:37]} 8. Qe2 {[%clk 0:15:58]} O-O {[%clk 0:13:36]} 9. e5
{[%clk 0:16:00]} Nfd7 {[%clk 0:13:45]} 10. c3 {[%clk 0:16:07]} a5
{[%clk 0:13:40]} 11. Re1 {[%clk 0:16:15]} a4 {[%clk 0:13:41]} 12. Nf1
{[%clk 0:16:14]} c4 {[%clk 0:13:11]} 13. d4 {[%clk 0:15:26]} b4 {[%clk 0:13:11]}
14. a3 {[%clk 0:15:32]} bxc3 {[%clk 0:12:57]} 15. bxc3 {[%clk 0:15:41]} Nc6
{[%clk 0:13:02]} 16. h4 {[%clk 0:15:41]} Na5 {[%clk 0:13:10]} 17. Bg5
{[%clk 0:15:38]} Nb3 {[%clk 0:13:12]} 18. Ra2 {[%clk 0:15:40]} Ra6
{[%clk 0:12:54]} 19. N1h2 {[%clk 0:15:36]} Rb6 {[%clk 0:11:58]} 20. Qe3
{[%clk 0:15:22]} Bxg5 {[%clk 0:11:25]} 21. hxg5 {[%clk 0:15:24]} Qe7
{[%clk 0:11:21]} 22. Ng4 {[%clk 0:15:27]} Rb8 {[%clk 0:11:29]} 23. Qf4
{[%clk 0:13:16]} Bc6 {[%clk 0:11:29]} 24. Bh3 {[%clk 0:11:03]} Na5
{[%clk 0:11:05]} 25. Nf6+ {[%clk 0:08:51]} Kh8 {[%clk 0:08:04]} 26. Qh4
{[%clk 0:07:38]} Nf8 {[%clk 0:07:49]} 27. Qh5 {[%clk 0:06:27]} Rb1
{[%clk 0:06:34]} 28. Rae2 {[%clk 0:06:35]} R8b3 {[%clk 0:04:15]} 29. Kg2
{[%clk 0:06:31]} Nb7 {[%clk 0:02:04]} 30. Nh4 {[%clk 0:06:17]} g6
{[%clk 0:01:52]} 31. Qh6 {[%clk 0:06:17]} Nd8 {[%clk 0:01:45]} 32. Rxb1
{[%clk 0:05:31]} Rxb1 {[%clk 0:01:53]} 33. Re3 {[%clk 0:05:39]} Qxa3
{[%clk 0:01:45]} 34. Rf3 {[%clk 0:05:34]} Qe7 {[%clk 0:01:54]} 35. Rf4
{[%clk 0:05:43]} a3 {[%clk 0:01:25]} 36. Nf3 {[%clk 0:05:48]} 1-0